[Event "EU-Cup 32nd"]
[Site "Novi Sad"]
[Date "2016.11.10"]
[Round "5.3"]
[White "Lambrechts, Koen"]
[Black "Kostromin, Mikhail"]
[Result "1/2-1/2"]
[WhiteElo "2284"]
[BlackElo "2306"]
[PlyCount "120"]
[EventDate "2016.11.06"]
[EventType "team-swiss"]
[EventRounds "7"]
[EventCountry "SRB"]
[SourceTitle "CBM 176"]
[Source "ChessBase"]
[SourceDate "2017.01.17"]
[SourceVersion "1"]
[SourceVersionDate "2017.01.17"]
[SourceQuality "1"]
[WhiteTeam "JSV SISSA"]
[BlackTeam "LugPokerChess"]
[WhiteTeamCountry "NED"]
[BlackTeamCountry "RUS"]

1. e4 c5 2. Nf3 d6 3. d4 cxd4 4. Nxd4 Nf6 5. Nc3 a6 6. Bg5 e6 7. f4 Be7 8. Qf3 h6 9. Bh4 Qc7 10. 0-0-0 Nbd7 11. Bd3 g5 12. fxg5 Ne5 13. Qe2 Nfg4 14. Nf3 hxg5 15. Bg3 Bd7 16. h3 Nxf3 17. hxg4 Rxh1 18. Rxh1 Nh4 19. Qf2 Bc6 20. Rf1 Kd7 21. Qd4 Rf8 22. Rf2 Ng6 23. e5 Nf4 24. Be4 d5 25. Bd3 Qa5 26. Qe3 Bc5 27. Qd2 b5 28. Bxf4 Bxf2 29. Bxg5 Bc5 30. a3 Qb6 31. Qf4 b4 32. axb4 Qxb4 33. Bxa6 Qxf4+ 34. Bxf4 Ra8 35. Bd3 Bb4 36. Kb1 Rb8 37. Kc1 Rg8 38. Be2 Ba5 39. g3 Bb6 40. Nb5 Bc5 41. c3 Bb7 42. b4 Be7 43. Nd4 Ra8 44. Bb5+ Kc7 45. Bd3 Ba6 46. b5 Bc8 47. g5 Bd7 48. g6 fxg6 49. Bxg6 Bc5 50. Nf3 Rg8 51. Bf7 Rb8 52. Ng5 Rb6 53. g4 Bf8 54. Nh7 Bg7 55. g5 Rxb5 56. Nf6 Rc5 57. Kd2 Rc4 58. Nh5 Rxf4 59. Nxf4 Bxe5 60. Nxe6+ Bxe6 1/2-1/2

[Event "EU-Cup 32nd"]
[Site "Novi Sad"]
[Date "2016.11.09"]
[Round "4.3"]
[White "Kostromin, Mikhail"]
[Black "Dishman, Stephen"]
[Result "1/2-1/2"]
[WhiteElo "2306"]
[BlackElo "2330"]
[PlyCount "136"]
[EventDate "2016.11.06"]
[EventType "team-swiss"]
[EventRounds "7"]
[EventCountry "SRB"]
[SourceTitle "CBM 176"]
[Source "ChessBase"]
[SourceDate "2017.01.17"]
[SourceVersion "1"]
[SourceVersionDate "2017.01.17"]
[SourceQuality "1"]
[WhiteTeam "LugPokerChess"]
[BlackTeam "Bonnevoie Gambit"]
[WhiteTeamCountry "RUS"]
[BlackTeamCountry "LUX"]

1. e4 c6 2. d4 d5 3. Nd2 dxe4 4. Nxe4 Bf5 5. Ng3 Bg6 6. h4 h6 7. Nf3 Nd7 8. h5 Bh7 9. Bd3 Bxd3 10. Qxd3 e6 11. Bd2 Ngf6 12. 0-0-0 Be7 13. Kb1 Qb6 14. Rhe1 0-0 15. Ne5 Rad8 16. Nc4 Qb5 17. Qb3 Nxh5 18. Nxh5 Qxh5 19. Qxb7 Qb5 20. Na5 Qxb7 21. Nxb7 Rb8 22. Na5 Rfc8 23. c3 g5 24. Kc2 Rb5 25. Nc4 Nb6 26. Ne5 c5 27. dxc5 Rbxc5 28. Nd3 R5c7 29. Re4 Nd5 30. f3 Kg7 31. Be1 Rc4 32. Rxc4 Ne3+ 33. Kd2 Nxc4+ 34. Ke2 Bf6 35. b3 Na3 36. c4 Nc2 37. Bf2 Nd4+ 38. Kf1 a5 39. Nf4 Nc6 40. Nh5+ Kg6 41. Nxf6 Kxf6 42. Rd7 h5 43. Rb7 Rd8 44. Rb6 Nb4 45. Be1 Nxa2 46. Bxa5 Rd1+ 47. Ke2 Rg1 48. Kf2 Rc1 49. Bd2 Rc2 50. Ke1 g4 51. fxg4 hxg4 52. Kd1 Rb2 53. c5 Ke5 54. b4 g3 55. Rb7 Kd5 56. Rb6 f5 57. Rd6+ Ke5 58. Rd8 f4 59. Rf8 Rxd2+ 60. Kxd2 Nxb4 61. Ke2 Nc6 62. Kf1 Ke4 63. Rc8 Kd5 64. Ke2 e5 65. Kf3 Nd4+ 66. Kg4 Nc6 67. Rf8 Kxc5 68. Rxf4 exf4 1/2-1/2

[Event "EU-Cup 32nd"]
[Site "Novi Sad"]
[Date "2016.11.08"]
[Round "3.3"]
[White "Commercon, Simon"]
[Black "Kostromin, Mikhail"]
[Result "0-1"]
[WhiteElo "2266"]
[BlackElo "2306"]
[PlyCount "120"]
[EventDate "2016.11.06"]
[EventType "team-swiss"]
[EventRounds "7"]
[EventCountry "SRB"]
[SourceTitle "CBM 176"]
[Source "ChessBase"]
[SourceDate "2017.01.17"]
[SourceVersion "1"]
[SourceVersionDate "2017.01.17"]
[SourceQuality "1"]
[WhiteTeam "Bieles The Smashing Pawns"]
[BlackTeam "LugPokerChess"]
[WhiteTeamCountry "LUX"]
[BlackTeamCountry "RUS"]

1. d4 Nf6 2. c4 e6 3. Nf3 c5 4. d5 exd5 5. cxd5 d6 6. Nc3 g6 7. h3 Bg7 8. e4 0-0 9. Bd3 Re8 10. 0-0 c4 11. Bxc4 Nxe4 12. Nxe4 Rxe4 13. Bg5 Bf6 14. Qc2 Re8 15. Rfe1 Bd7 16. Qd2 b5 17. Bf1 Bxg5 18. Nxg5 Re5 19. f4 Rxe1 20. Rxe1 Na6 21. Kh2 Nc7 22. Qd4 Ne8 23. a3 h6 24. Nf3 a6 25. Bd3 Nf6 26. Nd2 Nh5 27. f5 gxf5 28. Qf2 Qg5 29. Nf3 Qf6 30. Qd4 Re8 31. Rc1 Qxd4 32. Nxd4 Re5 33. Nc6 Re3 34. Rd1 Nf6 35. Nb8 Bc8 36. Kg1 f4 37. Kf2 Bb7 38. a4 Bxd5 39. Nxa6 bxa4 40. Nb4 Bb7 41. Bc2 Rg3 42. Rxd6 Rxg2+ 43. Ke1 Ne4 44. Bxe4 Bxe4 45. Rd2 Rxd2 46. Kxd2 Kg7 47. Na6 Kf6 48. Nc5 Bc6 49. Kc2 Ke5 50. Nd3+ Ke4 51. Nf2+ Kd4 52. Kd2 Be4 53. Nd1 f5 54. Nc3 Bc6 55. Nd1 Ke4 56. Ke2 Bb5+ 57. Kf2 Kd3 58. Kf3 Kc2 59. Nc3 a3 60. Nxb5 a2 0-1

[Event "Voronezh op-A 20th"]
[Site "Voronezh"]
[Date "2016.06.20"]
[Round "9"]
[White "Zakhartsov, Vladimir"]
[Black "Kostromin, Mikhail"]
[Result "1/2-1/2"]
[WhiteElo "2443"]
[BlackElo "2309"]
[PlyCount "106"]
[EventDate "2016.06.12"]
[EventType "swiss"]
[EventRounds "9"]
[EventCountry "RUS"]
[SourceTitle "EXT 2019"]
[Source "ChessBase"]
[SourceDate "2018.10.10"]
[SourceVersion "1"]
[SourceVersionDate "2018.10.10"]
[SourceQuality "1"]

1. e4 c5 2. Be2 Nc6 3. f4 g6 4. Nf3 Bg7 5. 0-0 Nf6 6. Nc3 0-0 7. d3 d6 8. h3 Rb8 9. Qe1 b5 10. Qh4 Nd4 11. Bd1 Nxf3+ 12. Bxf3 b4 13. Nd1 Nd7 14. f5 Ne5 15. Bg5 Re8 16. Ne3 Bb7 17. Ng4 gxf5 18. exf5 Bxf3 19. gxf3 f6 20. Bd2 Qd7 21. f4 Nc6 22. Qh5 Nd4 23. Ne3 Kh8 24. Kh2 Rg8 25. c3 bxc3 26. bxc3 Nc6 27. Rf2 d5 28. Ng4 Qe8 29. Qh4 Qd7 30. Qh5 Qe8 31. Qxe8 Rgxe8 32. Ne3 Red8 33. Rc1 Kg8 34. Nd1 Kf7 35. Be3 c4 36. dxc4 dxc4 37. Nb2 Rd5 38. Nxc4 Rxf5 39. Rd1 Rb7 40. Rfd2 Na5 41. Nxa5 Rxa5 42. Rc2 Bh6 43. Rd3 Rc7 44. c4 Ra4 45. Rdc3 f5 46. Kg3 Bg7 47. Rb3 Rcxc4 48. Rxc4 Rxc4 49. Ra3 Bd4 50. Bxd4 Rxd4 51. Rxa7 Rd3+ 52. Kg2 Rd2+ 53. Kg3 Rd3+ 1/2-1/2

[Event "Voronezh op-A 20th"]
[Site "Voronezh"]
[Date "2016.06.16"]
[Round "5"]
[White "Sadovsky, Artem"]
[Black "Kostromin, Mikhail"]
[Result "1-0"]
[WhiteElo "2401"]
[BlackElo "2309"]
[PlyCount "63"]
[EventDate "2016.06.12"]
[EventType "swiss"]
[EventRounds "9"]
[EventCountry "RUS"]
[SourceTitle "EXT 2019"]
[Source "ChessBase"]
[SourceDate "2018.10.10"]
[SourceVersion "1"]
[SourceVersionDate "2018.10.10"]
[SourceQuality "1"]

1. e4 c5 2. Nf3 d6 3. c3 Nf6 4. h3 Nc6 5. Bd3 e5 6. Bc2 d5 7. exd5 Qxd5 8. Qe2 Be7 9. Bb3 Qd6 10. Na3 e4 11. Ng5 Ne5 12. Nxe4 Nd3+ 13. Kf1 Nxe4 14. Qxe4 g6 15. Nc4 Qd8 16. Ne3 Be6 17. Bd5 Nxc1 18. Rxc1 0-0 19. Bxe6 fxe6 20. Qxe6+ Rf7 21. Ke2 Qf8 22. Rcf1 Re8 23. Qc4 Kg7 24. f4 a6 25. a4 Bd6 26. g3 Rfe7 27. Rf3 Re4 28. Qd5 Qe7 29. f5 gxf5 30. Kd1 Kh8 31. Nxf5 Qd7 32. Nxd6 1-0

[Event "Voronezh op-A 20th"]
[Site "Voronezh"]
[Date "2016.06.12"]
[Round "1"]
[White "Zakhartsov, Viacheslav V"]
[Black "Kostromin, Mikhail"]
[Result "1-0"]
[WhiteElo "2531"]
[BlackElo "2309"]
[PlyCount "67"]
[EventDate "2016.06.12"]
[EventType "swiss"]
[EventRounds "9"]
[EventCountry "RUS"]
[SourceTitle "CBM 173 Extra"]
[Source "ChessBase"]
[SourceDate "2016.08.29"]
[SourceVersion "1"]
[SourceVersionDate "2016.08.29"]
[SourceQuality "1"]

1. d4 Nf6 2. c4 c5 3. d5 e6 4. Nc3 exd5 5. cxd5 d6 6. e4 g6 7. h3 Bg7 8. Nf3 0-0 9. Bd3 Re8 10. 0-0 c4 11. Bc2 Na6 12. Be3 Bd7 13. a4 Qc7 14. Re1 Nc5 15. Bd4 b6 16. Qd2 Rad8 17. e5 dxe5 18. Bxe5 Qc8 19. Qd4 Bf5 20. Bxf6 Bxf6 21. Qxf6 Bxc2 22. Nd4 Ne4 23. Nxe4 Bxe4 24. Nc6 Rxd5 25. Ne7+ Rxe7 26. Qxe7 Bd3 27. Qxa7 Qc5 28. Re8+ Kg7 29. Rae1 Rf5 30. R1e3 Qb4 31. g4 Rf6 32. Qb8 Qd2 33. Rg8+ Kh6 34. g5+ 1-0

[Event "Moscow Aeroflot op-B 15th"]
[Site "Moscow"]
[Date "2016.03.09"]
[Round "9"]
[White "Kostromin, Mikhail"]
[Black "Aslanov, Farid"]
[Result "1-0"]
[WhiteElo "2322"]
[BlackElo "2171"]
[PlyCount "49"]
[EventDate "2016.03.01"]
[EventType "swiss"]
[EventRounds "9"]
[EventCountry "RUS"]
[SourceTitle "CBM 171 Extra"]
[Source "ChessBase"]
[SourceDate "2016.04.26"]
[SourceVersion "1"]
[SourceVersionDate "2016.04.26"]
[SourceQuality "1"]

1. e4 e6 2. d4 d5 3. Nc3 dxe4 4. Nxe4 Nd7 5. Bd3 Ngf6 6. Qe2 Be7 7. Nf3 h6 8. Nxf6+ Nxf6 9. Bd2 c5 10. dxc5 Bxc5 11. 0-0-0 Qb6 12. Ne5 Bd7 13. Nxd7 Nxd7 14. Bb5 0-0-0 15. Bf4 f6 16. Bg3 h5 17. h4 a6 18. Ba4 e5 19. Qc4 Qc7 20. Qe6 Rhf8 21. Rd5 g5 22. Rhd1 gxh4 23. Rxd7 Rxd7 24. Rxd7 Qa5 25. Bc6 1-0

[Event "Moscow Aeroflot op-B 15th"]
[Site "Moscow"]
[Date "2016.03.08"]
[Round "8"]
[White "Badmatsyrenov, Oleg"]
[Black "Kostromin, Mikhail"]
[Result "1-0"]
[WhiteElo "2475"]
[BlackElo "2322"]
[PlyCount "95"]
[EventDate "2016.03.01"]
[EventType "swiss"]
[EventRounds "9"]
[EventCountry "RUS"]
[SourceTitle "CBM 171 Extra"]
[Source "ChessBase"]
[SourceDate "2016.04.26"]
[SourceVersion "1"]
[SourceVersionDate "2016.04.26"]
[SourceQuality "1"]

1. e4 c5 2. Nf3 d6 3. d4 cxd4 4. Nxd4 Nf6 5. Nc3 a6 6. f4 e5 7. Nf3 Nbd7 8. Qe2 Be7 9. g4 d5 10. exd5 e4 11. d6 Bxd6 12. Nxe4 Nxe4 13. Qxe4+ Be7 14. Bd2 Nc5 15. Qe3 Bxg4 16. Be2 Ne6 17. 0-0-0 Qc7 18. Qe4 Rc8 19. Kb1 g6 20. Bc3 0-0 21. Rhg1 Bxf3 22. Bxf3 Qxf4 23. Qxf4 Nxf4 24. Be5 Rc5 25. Bxf4 Rf5 26. Bh6 Rxf3 27. Bxf8 Kxf8 28. Rg2 Bc5 29. c3 a5 30. Kc2 b6 31. a3 f5 32. b4 axb4 33. axb4 Be3 34. Rd7 Rh3 35. Kd1 Bf4 36. Ra2 Ke8 37. Rb7 Rd3+ 38. Ke2 Re3+ 39. Kf2 Re7 40. Ra8+ Kf7 41. Raa7 Rxb7 42. Rxb7+ Ke6 43. Rxb6+ Kd5 44. h3 Bd2 45. Rb5+ Ke4 46. c4 Be3+ 47. Kf1 g5 48. Rb7 1-0

[Event "Moscow Aeroflot op-B 15th"]
[Site "Moscow"]
[Date "2016.03.02"]
[Round "2"]
[White "Kashlinskaya, Alina"]
[Black "Kostromin, Mikhail"]
[Result "1-0"]
[WhiteElo "2454"]
[BlackElo "2322"]
[PlyCount "55"]
[EventDate "2016.03.01"]
[EventType "swiss"]
[EventRounds "9"]
[EventCountry "RUS"]
[SourceTitle "CBM 171 Extra"]
[Source "ChessBase"]
[SourceDate "2016.04.26"]
[SourceVersion "1"]
[SourceVersionDate "2016.04.26"]
[SourceQuality "1"]

1. d4 Nf6 2. c4 e6 3. Nc3 c5 4. d5 exd5 5. cxd5 d6 6. e4 g6 7. f4 Bg7 8. Bb5+ Nfd7 9. Nf3 0-0 10. 0-0 a6 11. Bd3 b5 12. Qe1 Nb6 13. f5 N8d7 14. Bf4 c4 15. Bc2 Ne5 16. Nxe5 Bxe5 17. Bxe5 dxe5 18. f6 Qd6 19. Qh4 Re8 20. Rf3 Bd7 21. g4 Qf8 22. Kh1 h6 23. Rg1 Kh7 24. Rh3 a5 25. Qg5 b4 26. Nd1 a4 27. Ne3 b3 28. Nf5 1-0

[Event "Anapa"]
[Site "Anapa"]
[Date "2012.09.10"]
[Round "11"]
[White "Maiorov, Oleg Ivanovich"]
[Black "Kostromin, Mikhail"]
[Result "1/2-1/2"]
[WhiteElo "2390"]
[BlackElo "2370"]
[PlyCount "76"]
[EventDate "2012.08.30"]
[EventType "tourn"]
[EventRounds "11"]
[EventCountry "RUS"]
[EventCategory "3"]
[SourceTitle "EXT 2013"]
[Source "ChessBase"]
[SourceDate "2012.11.22"]
[SourceVersion "1"]
[SourceVersionDate "2012.11.22"]
[SourceQuality "1"]

1. Nf3 f5 2. g3 Nf6 3. Bg2 g6 4. 0-0 Bg7 5. d4 0-0 6. c4 c6 7. Nc3 d6 8. Qc2 Qc7 9. b3 Na6 10. a3 c5 11. d5 Ne4 12. Bb2 Nxc3 13. Bxc3 e5 14. dxe6 Bxe6 15. Qb2 Bxc3 16. Qxc3 d5 17. cxd5 Bxd5 18. Nd2 Bxg2 19. Kxg2 Qg7 20. Qxg7+ Kxg7 21. Rfd1 Rad8 22. Nc4 Nc7 23. Ne3 Kf6 24. Rxd8 Rxd8 25. Rd1 Rxd1 26. Nxd1 Nd5 27. Kf3 Ke5 28. Ne3 Nxe3 29. Kxe3 Kd5 30. Kd3 b5 31. f3 a6 32. e3 Ke5 33. Kc3 Kd5 34. Kd3 Ke5 35. Kc3 Kd5 36. Kd3 Ke5 37. Kc3 Kd5 38. Kd3 Ke5 1/2-1/2

[Event "Anapa"]
[Site "Anapa"]
[Date "2012.08.30"]
[Round "1"]
[White "Kostromin, Mikhail"]
[Black "Lugovskoy, Maxim"]
[Result "0-1"]
[WhiteElo "2370"]
[BlackElo "2312"]
[PlyCount "102"]
[EventDate "2012.08.30"]
[EventType "tourn"]
[EventRounds "11"]
[EventCountry "RUS"]
[EventCategory "3"]
[SourceTitle "EXT 2013"]
[Source "ChessBase"]
[SourceDate "2012.11.22"]
[SourceVersion "1"]
[SourceVersionDate "2012.11.22"]
[SourceQuality "1"]

1. e4 e6 2. d4 d5 3. Nc3 Bb4 4. a3 Bxc3+ 5. bxc3 c5 6. exd5 exd5 7. dxc5 Nf6 8. Bb5+ Nc6 9. Bg5 h6 10. Bh4 0-0 11. Ne2 Re8 12. 0-0 g5 13. Bg3 Ne4 14. Re1 a6 15. Bxc6 bxc6 16. Qd4 Bf5 17. f3 Nxg3 18. Nxg3 Bg6 19. Kf2 Qd7 20. h4 Rab8 21. hxg5 h5 22. Rh1 Qe7 23. f4 Rb2 24. Rac1 Bxc2 25. Nxh5 Bg6+ 26. Kg1 Qe3+ 27. Qxe3 Rxe3 28. Nf6+ Kg7 29. Rh3 Ree2 30. Rg3 Ra2 31. Ng4 Be4 32. Ne5 d4 33. cxd4 Bxg2 34. f5 Be4 35. f6+ Kf8 36. Rg4 Bf5 37. Rh4 Rg2+ 38. Kh1 Rxg5 39. Rh8+ Rg8 40. Rxg8+ Kxg8 41. Rg1+ Kf8 42. Rg7 Be6 43. Kg1 Rxa3 44. Rh7 Kg8 45. Rg7+ Kf8 46. Rh7 Kg8 47. Rg7+ Kf8 48. Nxc6 Rf3 49. Nd8 Rxf6 50. Nxe6+ Rxe6 51. Rg4 Rg6 0-1

[Event "EU-Cup 27th"]
[Site "Rogaska Slatina"]
[Date "2011.09.26"]
[Round "2"]
[White "Genutis, Mindaugas"]
[Black "Kostromin, Mikhail"]
[Result "1-0"]
[WhiteElo "2313"]
[BlackElo "2363"]
[PlyCount "119"]
[EventDate "2011.09.25"]
[EventType "team-swiss"]
[EventRounds "7"]
[EventCountry "SLO"]
[SourceTitle "CBM 145"]
[Source "ChessBase"]
[SourceDate "2011.11.11"]
[SourceVersion "1"]
[SourceVersionDate "2011.11.11"]
[SourceQuality "1"]
[WhiteTeam "Vilnius"]
[BlackTeam "Shtrafbat"]
[WhiteTeamCountry "LTU"]
[BlackTeamCountry "UKR"]

1. d4 Nf6 2. c4 c5 3. d5 e6 4. Nc3 exd5 5. cxd5 d6 6. g3 g6 7. Bg2 Bg7 8. Nf3 0-0 9. 0-0 Na6 10. h3 Re8 11. Nd2 Nc7 12. a4 b6 13. e4 Ba6 14. Re1 Nd7 15. Nf3 Qe7 16. Bf4 Qf8 17. Qc2 Ne5 18. Nxe5 dxe5 19. Be3 Rec8 20. b3 Ne8 21. Rab1 Bh6 22. Nd1 Nd6 23. Bxh6 Qxh6 24. Ne3 f6 25. h4 c4 26. bxc4 Bxc4 27. Qd2 Qf8 28. Rec1 Ba6 29. Rc6 Bb7 30. Rbc1 Re8 31. Rc7 Rac8 32. Ng4 Rxc7 33. Rxc7 Bc8 34. Nh6+ Kh8 35. Rxa7 Re7 36. Ra8 Re8 37. g4 Qg7 38. Qc1 Qb7 39. Qc6 Kg7 40. g5 fxg5 41. hxg5 Qe7 42. f4 Rf8 43. Ra7 Bb7 44. Ng4 Rxf4 45. Nf6 Kf7 46. Qd7 h6 47. Qh3 hxg5 48. Ng4 Kg8 49. Nf2 Rh4 50. Qg3 Qf6 51. Ng4 Qf4 52. Qxf4 exf4 53. Nf6+ Kg7 54. e5 g4 55. Ne4 Nxe4 56. Rxb7+ Kf8 57. Bxe4 Rh5 58. e6 Re5 59. Rf7+ Ke8 60. Rxf4 1-0

[Event "Anapa"]
[Site "Anapa"]
[Date "2011.09.07"]
[Round "8"]
[White "Kostromin, Mikhail"]
[Black "Tarlev, Konstantin"]
[Result "1-0"]
[WhiteElo "2363"]
[BlackElo "2526"]
[PlyCount "69"]
[EventDate "2011.08.31"]
[EventType "tourn"]
[EventRounds "11"]
[EventCountry "RUS"]
[EventCategory "2"]
[SourceTitle "EXT 2013"]
[Source "ChessBase"]
[SourceDate "2012.11.22"]
[SourceVersion "1"]
[SourceVersionDate "2012.11.22"]
[SourceQuality "1"]

1. e4 c5 2. Nf3 d6 3. d4 cxd4 4. Nxd4 Nf6 5. Nc3 a6 6. Bc4 e6 7. a4 Be7 8. 0-0 0-0 9. Be3 Nc6 10. Kh1 Qc7 11. Qe2 Bd7 12. f4 Rac8 13. Ba2 Na5 14. Rad1 Nc4 15. Bc1 Qc5 16. e5 dxe5 17. fxe5 Nd5 18. Nxd5 exd5 19. e6 fxe6 20. Nxe6 Rxf1+ 21. Rxf1 Qd6 22. Nf4 Bc6 23. Rd1 b5 24. axb5 axb5 25. b3 Nb6 26. c4 Bd7 27. Be3 Bg5 28. Nxd5 Bxe3 29. Nxe3 Qb4 30. c5 Rxc5 31. Nc2 Qf4 32. b4+ Rc4 33. Na3 Qf7 34. Nxc4 bxc4 35. Rd6 1-0

[Event "Anapa"]
[Site "Anapa"]
[Date "2011.09.02"]
[Round "3"]
[White "Fomichenko, Svetlana"]
[Black "Kostromin, Mikhail"]
[Result "0-1"]
[WhiteElo "2246"]
[BlackElo "2363"]
[PlyCount "74"]
[EventDate "2011.08.31"]
[EventType "tourn"]
[EventRounds "11"]
[EventCountry "RUS"]
[EventCategory "2"]
[SourceTitle "EXT 2013"]
[Source "ChessBase"]
[SourceDate "2012.11.22"]
[SourceVersion "1"]
[SourceVersionDate "2012.11.22"]
[SourceQuality "1"]

1. e4 c5 2. Nf3 d6 3. d4 cxd4 4. Nxd4 Nf6 5. Nc3 a6 6. Bg5 e6 7. f4 Be7 8. Qf3 h6 9. Bh4 Qc7 10. 0-0-0 Nbd7 11. Be2 b5 12. Bxf6 Nxf6 13. e5 Bb7 14. Qg3 dxe5 15. fxe5 Nd7 16. Nxe6 fxe6 17. Bh5+ Kd8 18. Qxg7 Rf8 19. Bg4 Qc6 20. Qxh6 Rg8 21. Qh3 Qxg2 22. Qd3 Qc6 23. h3 Kc7 24. Qh7 Rae8 25. Rhe1 Rh8 26. Qf7 Kb8 27. Kb1 Nc5 28. Ne2 Bh4 29. Rf1 Re7 30. Qf4 Qe4 31. b4 Na4 32. Rd6 Rc7 33. Qxe4 Bxe4 34. Nd4 Be7 35. Rxa6 Rd8 36. Nxe6 Rxc2 37. Rf4 Rb2+ 0-1

[Event "Anapa"]
[Site "Anapa"]
[Date "2011.09.02"]
[Round "2"]
[White "Kostromin, Mikhail"]
[Black "Lugovskoy, Maxim"]
[Result "0-1"]
[WhiteElo "2363"]
[BlackElo "2520"]
[PlyCount "70"]
[EventDate "2011.08.31"]
[EventType "tourn"]
[EventRounds "11"]
[EventCountry "RUS"]
[EventCategory "2"]
[SourceTitle "EXT 2013"]
[Source "ChessBase"]
[SourceDate "2012.11.22"]
[SourceVersion "1"]
[SourceVersionDate "2012.11.22"]
[SourceQuality "1"]

1. e4 e6 2. d4 d5 3. Nc3 Bb4 4. a3 Bxc3+ 5. bxc3 c5 6. exd5 Qxd5 7. Be3 cxd4 8. cxd4 Nf6 9. Nf3 b6 10. c4 Qd8 11. Ne5 Qe7 12. Qa4+ Bd7 13. Nxd7 Qxd7 14. Qb3 0-0 15. Be2 Nc6 16. Rd1 Rac8 17. 0-0 Na5 18. Qb4 Nc6 19. Qb5 Ne4 20. Rc1 Nd6 21. Qb1 Qe7 22. Bd3 h6 23. c5 bxc5 24. dxc5 Ne8 25. Ba6 Rb8 26. Qe4 Qc7 27. Qa4 Nf6 28. Bb5 Ne7 29. Bf4 e5 30. Bd2 Ned5 31. Rfd1 e4 32. Ba5 Qe5 33. Bc6 Nf4 34. Qc4 Ng4 35. g3 Qh5 0-1

[Event "UKR-chT Clubs"]
[Site "Alushta"]
[Date "2011.05.17"]
[Round "5.2"]
[White "Kostromin, Mikhail"]
[Black "Kovchan, Alexander"]
[Result "0-1"]
[WhiteElo "2375"]
[BlackElo "2558"]
[PlyCount "72"]
[EventDate "2011.05.13"]
[EventType "team-tourn"]
[EventRounds "9"]
[EventCountry "UKR"]
[SourceTitle "CBM 142 Extra"]
[Source "ChessBase"]
[SourceDate "2011.06.27"]
[SourceVersion "1"]
[SourceVersionDate "2011.06.27"]
[SourceQuality "1"]
[WhiteTeam "Lugansk"]
[BlackTeam "Kharkov Law Academy"]
[WhiteTeamCountry "UKR"]
[BlackTeamCountry "UKR"]

1. e4 c6 2. d4 d5 3. Nd2 dxe4 4. Nxe4 Bf5 5. Ng3 Bg6 6. h4 h6 7. Nf3 Nd7 8. h5 Bh7 9. Bd3 Bxd3 10. Qxd3 e6 11. Bd2 Ngf6 12. 0-0-0 Be7 13. Kb1 0-0 14. Ne4 Nxe4 15. Qxe4 Nf6 16. Qe2 Qd5 17. Ne5 Qe4 18. Qxe4 Nxe4 19. Be1 Rfd8 20. f3 Nf6 21. Bf2 Rac8 22. g4 b5 23. c3 Nd5 24. Nd3 a5 25. Kc2 a4 26. Rdg1 a3 27. b4 Rf8 28. Bh4 Bxh4 29. Rxh4 f6 30. Rh2 e5 31. dxe5 fxe5 32. g5 Rxf3 33. gxh6 Ne3+ 34. Kb3 Nc4 35. hxg7 Rxd3 36. h6 Kh7 0-1

[Event "EU-Cup 26th"]
[Site "Plovdiv"]
[Date "2010.10.21"]
[Round "5.4"]
[White "Kostromin, Mikhail"]
[Black "Hamalainen, Sami"]
[Result "1-0"]
[WhiteElo "2388"]
[BlackElo "2261"]
[PlyCount "89"]
[EventDate "2010.10.17"]
[EventType "team-swiss"]
[EventRounds "7"]
[EventCountry "BUL"]
[SourceTitle "CBM 139"]
[Source "ChessBase"]
[SourceDate "2010.11.18"]
[SourceVersion "1"]
[SourceVersionDate "2010.11.18"]
[SourceQuality "1"]
[WhiteTeam "Lugansk"]
[BlackTeam "Etela Vantaan"]
[WhiteTeamCountry "UKR"]
[BlackTeamCountry "FIN"]

1. e4 e5 2. Nf3 Nc6 3. Bb5 a6 4. Ba4 Nf6 5. 0-0 Nxe4 6. d4 exd4 7. Re1 d5 8. Nxd4 Bd6 9. Nxc6 Bxh2+ 10. Kf1 Qh4 11. Be3 0-0 12. Nd4 Bg4 13. Nf3 Qh5 14. Ke2 Qf5 15. Rh1 Bf4 16. Bxf4 Qxf4 17. Kf1 Bxf3 18. gxf3 Ng5 19. Bb3 Nxf3 20. Bxd5 Nh2+ 21. Kg2 Ng4 22. Bf3 Nf6 23. Qd2 Qf5 24. Nc3 Rad8 25. Qc1 Qg6+ 26. Kf1 Rfe8 27. Rh3 Qf5 28. Rg3 Re5 29. Kg2 Rd4 30. Ne2 Rh4 31. Qd2 h6 32. Nc3 Nh5 33. Qd8+ Kh7 34. Qxh4 Nxg3 35. Qxg3 Qf6 36. Be4+ g6 37. f4 Re8 38. Rd1 c6 39. Rd7 b5 40. f5 g5 41. Qc7 Kg8 42. Qxc6 Qe5 43. Qd5 Qf6 44. Rd6 Qe7 45. f6 1-0

[Event "UKR-chT 17th"]
[Site "Alushta"]
[Date "2010.05.15"]
[Round "4.2"]
[White "Kostromin, Mikhail"]
[Black "Firman, Nazar"]
[Result "1/2-1/2"]
[WhiteElo "2371"]
[BlackElo "2549"]
[PlyCount "161"]
[EventDate "2010.05.13"]
[EventType "team-tourn"]
[EventRounds "11"]
[EventCountry "UKR"]
[SourceTitle "EXT 2019"]
[Source "ChessBase"]
[SourceDate "2018.10.10"]
[SourceVersion "1"]
[SourceVersionDate "2018.10.10"]
[SourceQuality "1"]
[WhiteTeam "Luhansk LugPokerChess"]
[BlackTeam "Kharkov Law Academy"]
[WhiteTeamCountry "UKR"]
[BlackTeamCountry "UKR"]

1. e4 e6 2. d4 d5 3. Nc3 Nc6 4. Nf3 Nf6 5. Bg5 Be7 6. e5 Ne4 7. Bxe7 Qxe7 8. Bd3 Nxc3 9. bxc3 Na5 10. 0-0 c5 11. dxc5 Bd7 12. Nd4 Qxc5 13. Qg4 g6 14. Qf4 Qxc3 15. Qf6 Rg8 16. Nf3 h6 17. Qh4 g5 18. Qxh6 g4 19. Bh7 Rf8 20. Ng5 Qxe5 21. Rae1 Qh8 22. Qh5 0-0-0 23. Nxf7 Be8 24. Nxh8 Bxh5 25. Re5 Be8 26. Ng6 Rf6 27. Ne7+ Kc7 28. Rfe1 Bf7 29. Rg5 Kd6 30. Ng8 Bxg8 31. Bxg8 Nc6 32. Rxg4 Rh6 33. Re3 Ne7 34. Bf7 Rc8 35. h4 Rxc2 36. a4 Rf6 37. Rf3 Rxf3 38. gxf3 Ke5 39. h5 Rc8 40. Bg6 Rg8 41. Bd3 Rh8 42. Rh4 Nf5 43. Rb4 Nd6 44. Rh4 Kf6 45. Kg2 Nf5 46. Rb4 Rh7 47. Kf1 b6 48. a5 bxa5 49. Ra4 Rxh5 50. Bxf5 Kxf5 51. Rxa5 Rh7 52. Ke2 Rb7 53. Ke3 Rb3+ 54. Ke2 Rb2+ 55. Ke3 Rb7 56. Ke2 Rd7 57. Ke3 e5 58. Ra6 Rb7 59. Ke2 d4 60. Ke1 Rf7 61. Kd2 Kf4 62. Ke2 d3+ 63. Kxd3 Kxf3 64. Re6 Rd7+ 65. Kc3 Rd5 66. Kc4 Rd4+ 67. Kc3 Ke4 68. Ra6 Rd3+ 69. Kc2 Rd7 70. Ra3 Rf7 71. Kd1 Kd4 72. Ke2 Kc4 73. Ra1 Kb5 74. Rb1+ Kc6 75. Ra1 Kb7 76. Ke3 a6 77. Ra5 Rf5 78. Ke4 Rxf2 79. Kxe5 Re2+ 80. Kd4 Rd2+ 81. Kc5 1/2-1/2

[Event "UKR-chT 17th"]
[Site "Alushta"]
[Date "2010.05.13"]
[Round "1.4"]
[White "Biriukov, Nikolai"]
[Black "Kostromin, Mikhail"]
[Result "1-0"]
[WhiteElo "2325"]
[BlackElo "2371"]
[PlyCount "51"]
[EventDate "2010.05.13"]
[EventType "team-tourn"]
[EventRounds "11"]
[EventCountry "UKR"]
[SourceTitle "EXT 2019"]
[Source "ChessBase"]
[SourceDate "2018.10.10"]
[SourceVersion "1"]
[SourceVersionDate "2018.10.10"]
[SourceQuality "1"]
[WhiteTeam "Simferopol Tavriya"]
[BlackTeam "Luhansk LugPokerChess"]
[WhiteTeamCountry "UKR"]
[BlackTeamCountry "UKR"]

1. c4 e5 2. Nc3 Nf6 3. Nf3 Nc6 4. e4 Bb4 5. d3 0-0 6. Bg5 h6 7. Bh4 Bxc3+ 8. bxc3 d6 9. h3 Bd7 10. Qd2 Kh8 11. Be2 Qe7 12. Nh2 Qe6 13. Ng4 Nh5 14. Ne3 Nf4 15. Bg4 Qe8 16. Rh2 Ne7 17. Bxe7 Qxe7 18. g3 Ne6 19. Kf1 Kh7 20. Kg1 g6 21. Rf1 h5 22. f4 Bc6 23. f5 Qg5 24. fxe6 hxg4 25. hxg4+ Kg8 26. Nd5 1-0